00589nam a2200181Ia 4500003000900000008004100009020001800050040001600068080002300084100001100107245014600118260003700264300002300301650002200324650001800346650002100364650002200385IN-BaIIA211028s9999 xx 000 0 eng d a0-7923-4070-1 cIIA Library a082.2:52bIAU-S174 aHut, P 0aDynamical evolution of star clusters - confrontation of theory and observationscP. Hut  aDordrechtbKluwer Academicc1996 a[various pagings.] aGlobular clusters aStar clusters aStellar dynamics aStellar evolution